Saying No To Jugaad (Record no. 350713)
[ view plain ]
| 000 -LEADER | |
|---|---|
| fixed length control field | 00529nam a2200169Ia 4500 |
| 008 - FIXED-LENGTH DATA ELEMENTS--GENERAL INFORMATION | |
| fixed length control field | 230718s9999 xx 000 0 und d |
| 020 ## - INTERNATIONAL STANDARD BOOK NUMBER | |
| International Standard Book Number | 9789389351088 |
| 041 ## - LANGUAGE CODE | |
| Language code of text/sound track or separate title | eng |
| 082 ## - DEWEY DECIMAL CLASSIFICATION NUMBER | |
| Classification number | 658.11 |
| Item number | HAR |
| 100 ## - MAIN ENTRY--PERSONAL NAME | |
| Personal name | Hari T.N. |
| 9 (RLIN) | 201874 |
| 245 ## - TITLE STATEMENT | |
| Title | Saying No To Jugaad |
| Remainder of title | The Making Of Bigbasket : India's Biggest Online Grocery Superstore |
| 260 ## - PUBLICATION, DISTRIBUTION, ETC. (IMPRINT) | |
| Date of publication, distribution, etc. | 2019 |
| Name of publisher, distributor, etc. | Bloomsubury |
| 300 ## - PHYSICAL DESCRIPTION | |
| Extent | 170 |
| 365 ## - TRADE PRICE | |
| Currency code | Rs. |
| Price amount | 599.00 |
| 700 ## - ADDED ENTRY--PERSONAL NAME | |
| Personal name | Hari T.N. & Subramanian M.S. |
| 9 (RLIN) | 201875 |
| 906 ## - LOCAL DATA ELEMENT F, LDF (RLIN) | |
| d | O:0681220-Dec-2019B:555002-Dec-2019 |
| c | GENRL |
| b | 149.75 |
| Withdrawn status | Lost status | Damaged status | Not for loan | Home library | Current library | Date acquired | Vendor | Budget Code | Cost, normal purchase price | Bill number | Total Checkouts | Full call number | Barcode | Date last seen | Discount | Cost, replacement price | Bill Date | Koha item type | Original Barcode |
|---|---|---|---|---|---|---|---|---|---|---|---|---|---|---|---|---|---|---|---|
| Cummins College of Engineering for Women Pune | Cummins College of Engineering for Women Pune | 20/12/2019 | Technical Book Services | GENRL | 449.25 | 5550 | 658.11 | CCEP-BK-61920 | 18/07/2023 | 149.75 | 599.00 | 02/12/2019 | Books | 061920 |